|
|
|
|
| LEADER |
00000cam a2200000 7i4500 |
| 001 |
0000012000 |
| 005 |
20160330.0 |
| 008 |
071122 |
| 020 |
|
|
|a 9833603807
|
| 090 |
0 |
0 |
|a 153.8
|b HAM
|
| 100 |
0 |
|
|a Hamedah Wok Awang
|
| 245 |
1 |
0 |
|a Cerita-cerita motivasi untuk pelajar
|c Hamedah Wok Awang
|
| 260 |
|
|
|a Selangor :
|b PTS Millennia ,
|c 2006
|
| 500 |
|
|
|a Teenager ages 13-18 years old (blue)
|
| 650 |
|
0 |
|a Learning psychology
|
| 650 |
|
0 |
|a Malay fiction
|
| 650 |
|
0 |
|a Motivation (Psychology)
|
| 650 |
|
0 |
|a Motivation in education
|
| 650 |
|
0 |
|a Students
|x Psychology
|
| 710 |
0 |
|
|a Title
|
| 999 |
|
|
|a 0001003954
|b Book
|c Adult Collection
|e Perbadanan Perpustakaan Awam Johor
|
| 999 |
|
|
|a 0001003955
|b Book
|c Adult Collection
|e Perbadanan Perpustakaan Awam Johor
|
| 999 |
|
|
|a 0001003956
|b Book
|c Adult Collection
|e Perbadanan Perpustakaan Awam Johor
|
| 999 |
|
|
|a 0001003958
|b Book
|c Adult Collection
|e Cawangan AEON Kulaijaya
|